| 000 | 00495nam a2200181Ia 4500 | ||
|---|---|---|---|
| 001 | 25289 | ||
| 005 | 20260414151140.0 | ||
| 008 | 260414t2019||||xx |||||||||||||| ||spa|| | ||
| 041 | _aESP | ||
| 082 |
_a346.431 _bS93 |
||
| 110 | _aSuperintendencia Nacional de los Registros Públicos | ||
| 245 | 0 |
_aComentarios al reglamento de inscripciones del registro de predios _b |
|
| 260 | _c2019 | ||
| 300 |
_a551 páginas : _c25 cm. |
||
| 650 | _aDER | ||
| 654 | _aCDE | ||
| 942 |
_cLIB _dJUS _fJUS _2ddc _n |
||
| 999 |
_c25289 _d25289 |
||